000 00718cam a2200253Mu 4500
001 94610
005 20230411090052.0
008 041214s2004 sp 000 0 spa d
035 _a(OCoLC)ocn314548033
040 _aDEBSZ
_erakwb
_bger
_cDEBSZ
020 _a8484531546
020 _a9788484531548
035 _a(OCoLC)314548033
049 _aGRAL
245 1 0 _aCarlos Virgili - La magia del forum :
_bideas que mueven el mundo /
_ctextos de Mercedes Villena.
260 _aBarcelona :
_bEd. Planeta,
_c2004.
300 _a320 S. :
_bèuberw. Ill.
490 0 _aBronce
700 1 _aVirgili, Carlos,
_d1957-
_4ill
700 1 _aVillena, Mercedes.
942 _2lcc
_cbk
994 _aC0
_bDRFGD
946 _anc
999 _c111934
_d111934